Tvorba a produkcia kančích syntetických línii

Bibliographic Details
Main Author: Bánik, Ján (Author)
Format: Article
Language:Slovak
PhysicalDescription:Obr. 1. Tb. 2.
Subjects:

MARC

LEADER 00000nab a2200000 a 4500
001 vtls000170415
003 SK-MaSNL
005 20260302213216.0
008 111104c1983 xo 0 slo
015 |a SNBRB19rr/mm-uuuuu 
035 |a CL0180526 
040 |a SNKBUCL  |b slo  |c SNKBUCL  |e AACR2 
041 0 |a slo 
044 |a xo  |c SK 
080 |a 636.4:636.082.26  |2 1981 
080 |a 636.082.26  |2 1981 
100 1 |a Bánik, Ján  |4 aut  |9 604699 
245 1 0 |a Tvorba a produkcia kančích syntetických línii  |c Ján Bánik 
300 |b Obr. 1. Tb. 2. 
650 0 7 |a ošípané  |2 snkbucl  |9 2795 
650 0 7 |a šľachtenie  |2 snkbucl  |9 298371 
655 7 |a články z novín a časopisov  |2 snkbucl  |9 267496 
773 0 |t Agrovýstavník  |g Č. 4 (1983), s. 9-10 
850 |a Slovenská národná knižnica v Martine  |a MTA001 
852 |a SNK  |b KIS3GCP 
958 |a RK 
992 |a RBX 
999 |c 1492639  |d 1494569